000 00568nam a2200217Ia 4500
003 OSt
005 20220928140749.0
006 a|||||r|||| 00| 0
007 ta
008 220927b |||||||| |||| 00| 0 eng d
024 _a11667
037 _cTextual
040 _aSDCL
_cSDCL
_beng
041 _2eng
_aeng
082 _aD6,8(B289CR9), P3
100 _aPeck George
_9497511
245 0 _aCrystal reports 9
_b The complete reference.
260 _c2003
942 _hD6,8(B289CR9), P3
_cTEXL
_2CC
999 _c814085
_d814085